00869nam a22002417a 45000010005000000030006000050050017000110080041000280200018000690400029000870820015001161000022001312450119001532600043002723000050003154900041003655050008004065210029004145210020004436500104004636500032005677000028005998710FISKH20251013140743.0251013b cb ||||| |||| 00| 0 eng d a9789996301162 aFISKHbkhrcFISKHdFISKH a398.209596 aSotheary, Kimsun  aភ្នំបាណន់ : bPhnom Banan / cអ្នកស្រី គឹមស៊ុន សុធារី  aPhnom Penh : bReading Books , c2010. a20 pages : bcolor illustrations ; c25 cm .  aពិភពរឿងនិទាន aP 8 a650 bLexile estimate 8 aP bRaz-Plus  aភ្នំបាណន់vរឿងព្រេងប្រជាប្រិយខ្មែរ  aPhnom BananvKhmer folklore aSan, ThaieIllustrator